000 00399nam a22001697a 4500
005 20160620170415.0
008 160620b xxu||||| |||| 00| 0 eng d
020 _a81-203-1490-5
041 _aeng
082 _b8615
100 _aKotler, Philp and Armestrong Gray
_92349
245 _aPrinciples of Marketing
260 _bPHI
_c1999
300 _a635
650 _aManagement
_9241
942 _cBK
999 _c3328
_d3327